Major NBA Season Awards - Statistics

General Stats
  • This quiz has been taken 491 times
    77 since last reset
  • The average score is 296 of 441
Answer Stats
Year MVP % Correct
2025 Shai Gilgeous-Alexander
100%
1994 Dell Curry
98%
2008 | 2009 | 2010 | +4 others LeBron James
98%
2021 | 2022 | 2024 Nikola Jokić
98%
2023 Nikola Jokic
98%
2015 | 2016 | 2021 | 2022 Stephen Curry
98%
1969 | 1970 Jerry West
96%
2022 | 2023 Joel Embiid
96%
2010 | 2011 | 2012 | +3 others Kevin Durant
96%
2011 Derrick Rose
94%
2007 | 2011 Dirk Nowitzki
94%
2019 | 2020 | 2021 Giannis Antetokounmpo
94%
2012 | 2018 | 2019 | 2020 James Harden
94%
2006 | 2007 | 2008 | +2 others Kobe Bryant
94%
1984 | 1985 | 1986 Larry Bird
94%
1987 | 1988 | 1989 | +7 others Michael Jordan
94%
2015 | 2017 Russell Westbrook
94%
1995 | 2000 | 2001 | 2002 Shaquille O'Neal
94%
1999 | 2002 | 2003 | 2005 Tim Duncan
94%
1980 | 1982 | 1987 | +2 others Magic Johnson
92%
2005 | 2006 Steve Nash
92%
1993 | 1994 | 1995 Hakeem Olajuwon
90%
2018 | 2019 | 2021 | 2024 Rudy Gobert
90%
1999 | 2001 | 2002 | 2005 Allen Iverson
88%
1957 | 1959 | 1960 | +15 others Boston Celtics
88%
1975 | 2015 | 2017 | +2 others Golden State Warriors
88%
2004 | 2008 Kevin Garnett
88%
1972 | 1980 | 1982 | +9 others Los Angeles Lakers
88%
2024 Luka Dončić
88%
1950 | 1952 | 1953 | 1954 Minneapolis Lakers
88%
1956 Philadelphia Warriors
88%
1999 | 2003 | 2005 | +2 others San Antonio Spurs
88%
2016 Cleveland Cavaliers
87%
2023 Denver Nuggets
87%
1981 Julius Erving
87%
1971 | 2021 Milwaukee Bucks
87%
2025 Oklahoma City Thunder
87%
2019 Toronto Raptors
87%
1993 Charles Barkley
85%
1971 | 1972 | 1974 | +4 others Kareem Abdul-Jabbar
85%
1997 | 1999 Karl Malone
85%
2006 | 2012 | 2013 Miami Heat
85%
2023 Michael Malone
85%
1979 | 1982 | 1983 Moses Malone
85%
1960 | 1961 | 1962 | +7 others Wilt Chamberlain
85%
1991 | 1992 | 1993 | +3 others Chicago Bulls
83%
2011 Dallas Mavericks
83%
1989 | 1990 | 2004 Detroit Pistons
83%
2014 | 2015 | 2016 | 2019 Kawhi Leonard
83%
1967 | 1983 Philadelphia 76ers
83%
1994 | 1995 Houston Rockets
81%
2023 Jaren Jackson Jr
81%
1979 Dennis Johnson
79%
2006 | 2009 Dwyane Wade
79%
1958 | 1961 | 1962 | +4 others Bill Russell
77%
1993 Clifford Robinson
77%
1992 | 1994 | 1995 David Robinson
77%
2017 Draymond Green
77%
1989 Eddie Johnson
77%
2003 Bobby Jackson
75%
1991 | 1992 | 1993 | +8 others Phil Jackson
75%
1986 Alvin Robertson
73%
2009 | 2010 | 2011 Dwight Howard
73%
1964 Oscar Robertson
73%
2002 | 2003 | 2005 | 2006 Ben Wallace
71%
2025 Evan Mobley
71%
1970 | 1973 New York Knicks
71%
1957 Bob Cousy
69%
1956 | 1959 Bob Pettit
69%
2024 Jaylen Brown
69%
2004 Larry Brown
69%
2007 Tony Parker
69%
1990 Isiah Thomas
67%
1979 Seattle Supersonics
67%
2015 Andre Iguodala
65%
1977 | 1978 | 1986 Bill Walton
65%
2015 | 2018 | 2019 Lou Williams
65%
2022 Marcus Smart
65%
2024 Naz Reid
63%
2008 Paul Pierce
63%
1987 | 1990 Ricky Pierce
63%
2013 Carmelo Anthony
62%
1977 Portland Trail Blazers
62%
1978 Washington Bullets
62%
1985 Bernard King
60%
2004 Chauncey Billups
58%
2013 Marc Gasol
58%
2015 | 2017 | 2018 | 2022 Steve Kerr
58%
1990 | 1991 Dennis Rodman
56%
1974 | 1975 | 1976 Bob McAdoo
54%
1995 | 1997 | 1998 | 2001 Dikembe Mutombo
54%
1978 | 1979 | 1980 | 1982 George Gervin
54%
1999 | 2003 | 2005 | +2 others Gregg Popovich
54%
1958 St. Louis Hawks
54%
1969 | 1978 Wes Unseld
54%
1989 Joe Dumars
52%
1974 John Havlicek
52%
1976 Jo Jo White
52%
2025 Payton Pritchard
52%
1951 Rochester Royals
52%
2003 | 2004 Tracy McGrady
52%
1996 Gary Payton
50%
2014 Joakim Noah
50%
2012 Tyson Chandler
50%
1970 | 1973 Willis Reed
50%
1973 Dave Cowens
48%
1986 Dominique Wilkins
48%
1950 | 1951 George Mikan
48%
2010 | 2014 | 2016 Jamal Crawford
48%
1979 Lenny Wilkens
48%
1988 James Worthy
46%
1967 | 1975 Rick Barry
46%
2008 Manu Ginóbili
44%
2013 J.R. Smith
42%
1955 Syracuse Nationals
40%
1984 | 1986 K. C. Jones
38%
1983 Bobby Jones
37%
2008 Doc Rivers
37%
2012 | 2013 Erik Spoelstra
37%
1984 | 1985 Kevin McHale
37%
2020 Montrezl Harrell
37%
2004 Ron Artest
37%
1969 Elvin Hayes
35%
2024 Joe Mazzulla
35%
2007 Marcus Camby
35%
1985 | 1989 Mark Eaton
33%
1982 | 1985 | 1987 | +2 others Pat Riley
33%
1999 | 2000 Alonzo Mourning
31%
2021 Jordan Clarkson
31%
1977 Pete Maravich
31%
1981 | 1984 Adrian Dantley
29%
1983 Alex English
29%
1983 | 1984 Sidney Moncrief
29%
1981 Cedric Maxwell
27%
2023 Malcolm Brogdon
27%
1952 | 1957 Paul Arizin
27%
2011 Rick Carlisle
27%
1991 | 1992 Detlef Schrempf
25%
1987 Michael Cooper
25%
2022 Tyler Herro
25%
2016 Tyronn Lue
25%
2011 Lamar Odom
23%
2025 Mark Daigneault
23%
2021 Mike Budenholzer
23%
2019 Nick Nurse
23%
1957 | 1959 | 1960 | +6 others Red Auerbach
23%
2005 Ben Gordon
21%
2017 Eric Gordon
21%
1973 Nate Archibald
21%
2006 Mike Miller
19%
1996 Toni Kukoč
19%
2009 Jason Terry
17%
1994 | 1995 Rudy Tomjanovich
17%
1989 | 1990 Chuck Daly
15%
2002 Corliss Williamson
15%
1968 Dave Bing
13%
1958 George Yardley
13%
1999 Darrell Armstrong
12%
2020 Frank Vogel
12%
2007 Leandro Barbosa
12%
1953 | 1954 | 1955 Neil Johnston
12%
1974 | 1976 Tom Heinsohn
12%
2004 Antawn Jamison
10%
1997 John Starks
10%
2001 Aaron McKie
8%
1995 Anthony Mason
8%
1981 Bill Fitch
8%
1983 Billy Cunningham
8%
1970 | 1973 Red Holzman
8%
2000 Rodney Rogers
8%
1975 Al Attles
6%
1958 | 1967 Alex Hannum
6%
1972 Bill Sharman
6%
1998 Danny Manning
6%
1978 Dick Motta
6%
1977 Jack Ramsay
6%
1950 | 1952 | 1953 | 1954 John Kundla
6%
1980 Paul Westhead
6%
1988 Roy Tarpley
6%
1971 Larry Costello
4%
1955 Al Cervi
2%
1956 George Senesky
2%
1951 Les Harrison
2%
No matching quizzes found
Score Distribution
Percent of People with Each Score
Percentile by Number Answered
Your Score History
You have not taken this quiz since the last reset